• 首页
  • 本馆介绍
  • 公告通知
  • 最新文献
  • 馆藏检索
  • 电子资源
  • 读者导购
  • 参考咨询
  • 我的图书馆
  • 登录
  • 详细信息显示
  • 放入我的书架
  • 预约/预借图书
  • 作者相关作品
  • 分类相关作品
  • 丛书相关作品
  • 出版社相关作品

书目信息

  • 表格格式
  • 工作单格式
  • 卡片格式
题名:
谁忆大风歌
    
 
作者: 冷自泉 编著
分册:  
出版信息: 沈阳   沈阳出版社  2022.08
页数: 239页
开本: 24cm
丛书名:
单 册:
中图分类: K827=2
科图分类:
主题词: 帝王--di wang--生平事迹--中国--古代
电子资源:
ISBN: 978-7-5716-2572-6
000 01191nam0 2200265 450
001 CAL 012022024475
005 20230217093111.0
010    @a978-7-5716-2572-6@dCNY49.80
100    @a20220927d2022 em y0chiy0120 ea
101 0  @achi
102    @aCN@b210000
105    @ay a 000yd
106    @ar
200 1  @a谁忆大风歌@Ashui yi da feng ge@e古代帝王往事@f冷自泉编著
210    @a沈阳@c沈阳出版社@d2022.08
215    @a239页@d24cm
314    @a冷自泉, 毕业于哈尔滨工业大学, 文史爱好者, 资深作家、出版人。
320    @a有书目
330    @a本书是一本中国历史知识普及读物。读史可以使人明智, 鉴以往可以知未来。与叙述历史事件和人物的众多作品不同, 本书将中国历史上众多的帝王按照人物的性格、行事、经历及后人评价等总结出不同的特点, 按照特征归类成篇, 利用简单且出自有据的引证, 描绘各皇帝的兴衰际遇、文治武功、重大历史事件等。编者通过精炼的文字和故事化的叙述从一个又一个新颖的视角展现出不同历史人物群落的本来面貌以及众多不为读者熟悉的鲜活历史片断。
517 1  @a古代帝王往事@Agu dai di wang wang shi
606 0  @a帝王@Adi wang@x生平事迹@y中国@z古代
690    @aK827=2@v5
701  0 @a冷自泉@Aleng zi quan@4编著
801  0 @aCN@bBJXHZP@c20230222
905    @b1395022-5@dK827=2@e1087@f4
    
    谁忆大风歌:古代帝王往事/冷自泉编著.-沈阳:沈阳出版社,2022.08
    239页;24cm
    
    
    ISBN 978-7-5716-2572-6:CNY49.80
    本书是一本中国历史知识普及读物。读史可以使人明智, 鉴以往可以知未来。与叙述历史事件和人物的众多作品不同, 本书将中国历史上众多的帝王按照人物的性格、行事、经历及后人评价等总结出不同的特点, 按照特征归类成篇, 利用简单且出自有据的引证, 描绘各皇帝的兴衰际遇、文治武功、重大历史事件等。编者通过精炼的文字和故事化的叙述从一个又一个新颖的视角展现出不同历史人物群落的本来面貌以及众多不为读者熟悉的鲜活历史片断。
●
相关链接 在E读中查询图书 在五车中查询图书 在当当中查询图书 在豆瓣中查询图书


正题名:谁忆大风歌     索取号:K827=2/1087         预约/预借

序号 登录号 条形码 馆藏地/架位号 状态 备注
1 1395022   213950223   第二样本阅览室/ [索取号:K827=2/1087] 在馆    
2 1395023   213950232   第二借阅区/ [索取号:K827=2/1087] 在馆    
3 1395024   213950241   第二借阅区/ [索取号:K827=2/1087] 在馆    
4 1395025   213950250   第二借阅区/ [索取号:K827=2/1087] 在馆    
唐山师范学院图书馆 欢迎您!
大连网信软件有限公司© 版权所有